Návrh konceptu pre typológiu problémov marketingovej terminológie

Proces porevolučného vývoja marketingu na Slovensku, jednotlivé etapy rozvoja marketingu na Slovensku z pohľadu budovania predmetu a rozvoja terminológie. Vývojové etapy marketingu na Slovensku - prechodné obdobie zmeny, adaptačné obdobie, chaotické obdobie, inovatívne obdobie. Charakteristika súčas...

Descrizione completa

Salvato in:
Dettagli Bibliografici
Autore principale: Tkáčiková, Jarmila
Natura: Capitolo di libro
Lingua:slovacco
Soggetti:
Tags: Aggiungi Tag
Nessun Tag, puoi essere il primo ad aggiungerne!!

MARC

LEADER 00000naa$a2200000$$$4500
001 0029160
005 20221207123509.9
041 0 |a slo 
044 |a SK 
245 1 0 |a Návrh konceptu pre typológiu problémov marketingovej terminológie  |c Jarmila Tkáčiková 
520 |a Proces porevolučného vývoja marketingu na Slovensku, jednotlivé etapy rozvoja marketingu na Slovensku z pohľadu budovania predmetu a rozvoja terminológie. Vývojové etapy marketingu na Slovensku - prechodné obdobie zmeny, adaptačné obdobie, chaotické obdobie, inovatívne obdobie. Charakteristika súčasného inovatívneho obdobia. Otázky marketingovej a obchodnej terminológie nie sú len záležitosťou lingvistickou. Návrh typológie terminologických problémov. 
610 2 0 |a marketing 
610 2 0 |a obchod 
610 2 0 |a terminológia 
610 2 0 |a typológia 
610 2 0 |a teória a prax 
100 1 |a Tkáčiková, Jarmila